<?xml version="1.0" encoding="UTF-8"?>
<collection xmlns="http://www.loc.gov/MARC21/slim">
 <record>
  <leader>00487nam a22001335a 4500</leader>
  <controlfield tag="001">EEA.libagro003708</controlfield>
  <controlfield tag="005">20190520113933.0</controlfield>
  <controlfield tag="008">130809s1983####ag############000#0#spa#d</controlfield>
  <datafield tag="082" ind1="0" ind2="4">
   <subfield code="a">637</subfield>
  </datafield>
  <datafield tag="245" ind1="1" ind2="0">
   <subfield code="a">Reunión sobre industrialización de productos lácteos :</subfield>
   <subfield code="b">11 y 12 de noviembre de 1982.</subfield>
  </datafield>
  <datafield tag="260" ind1=" " ind2=" ">
   <subfield code="a">Buenos Aires :</subfield>
   <subfield code="b">SUBCYT,</subfield>
   <subfield code="c">1983.</subfield>
  </datafield>
  <datafield tag="300" ind1=" " ind2=" ">
   <subfield code="a">84 p. ;</subfield>
   <subfield code="c">29 cm.</subfield>
  </datafield>
  <datafield tag="500" ind1=" " ind2=" ">
   <subfield code="a">Programa Nacional de Investigaciones en Tecnología de Alimentos.</subfield>
  </datafield>
  <datafield tag="859" ind1=" " ind2=" ">
   <subfield code="a">AR-BbBCA</subfield>
   <subfield code="b">BIB. AGRONOMIA</subfield>
   <subfield code="h">637</subfield>
   <subfield code="i">A691</subfield>
   <subfield code="p">1988/0945</subfield>
  </datafield>
 </record>
</collection>
